000 00556nam a22001697a 4500
003 OSt
005 20260225122952.0
008 260225b |||||||| |||| 00| 0 eng d
040 _cMRSPTU
041 _aEnglish
100 _aVishavjeet Singh, Supervisor: Dr. Bal krishan
245 _aExperimental Study on the Partial Replacement of Cement with Red Mud in Concrete
260 _bDepartment of Civil Engg. MRSPTU, Bathinda
_c2021
650 _aCivil Engineering
856 _uhttp://163.47.215.52:8080/jspui/handle/123456789/347
942 _2ddc
_cTH
_n0
999 _c11007
_d11007